Ombudsman for Bangladesh: theory and reality (Record no. 63763)

000 -LEADER
fixed length control field 01749pab a2200169 454500
008 - FIXED-LENGTH DATA ELEMENTS--GENERAL INFORMATION
fixed length control field 180718b2004 xxu||||| |||| 00| 0 eng d
100 ## - MAIN ENTRY--PERSONAL NAME
Personal name Mollah, Md. Awal Hossain
245 ## - TITLE STATEMENT
Title Ombudsman for Bangladesh: theory and reality
260 ## - PUBLICATION, DISTRIBUTION, ETC.
Date of publication, distribution, etc. 2004
300 ## - PHYSICAL DESCRIPTION
Extent p.979-1002.
520 ## - SUMMARY, ETC.
Summary, etc. Although the term "Ombudsman" is a relatively unfamiliar term in Bangladesh in general, it is widely used and is a practiced technique of ensuring administrative accountability and transparency in western developed countries. The offices of Ombudsmen, as currently found in an increasing number of countries, are institutions of government design to meet the perceived needs as to both out come and process. Their objectives are to secure fairness, integrity, accountability and efficiency in public affairs, by methods conductive to promoting confidence in all institutions of the state. In reality the Ombudsman's office is seen as an institution, which has been established in regional jurisdictions in order to promote high standards of public administration and management, and to protect the right of citizens in their dealing with government. In this article, an attempt is made to analyze the role of the "Ombudsman" concept and why it is needed and how it can be institutionalized in Bangladesh. In doing so, the article has been divided into two parts. Part I discusses the conceptual framework of the Ombudsman while Part II throws light on the prospects and problems of this concept in Bangladesh as attempts are being made to establish the office of the Ombudsman. - Reproduced.
650 ## - SUBJECT ADDED ENTRY--TOPICAL TERM
Topical term or geographic name entry element Ombudsman - Bangladesh
650 ## - SUBJECT ADDED ENTRY--TOPICAL TERM
Topical term or geographic name entry element Ombudsman
700 ## - ADDED ENTRY--PERSONAL NAME
Personal name Uddin, Md. Nizam
773 ## - HOST ITEM ENTRY
Main entry heading International Journal of Public Administration
909 ## -
-- 63763
Holdings
Withdrawn status Lost status Damaged status Not for loan Permanent Location Current Location Date acquired Serial Enumeration / chronology Barcode Date last seen Price effective from Koha item type
        Indian Institute of Public Administration Indian Institute of Public Administration 2018-07-19 Volume no: 27, Issue no: 11-12 AR64213 2018-07-19 2018-07-19 Articles

Powered by Koha